Literary occasions : (Record no. 329705)
[ view plain ]
| 000 -LEADER | |
|---|---|
| fixed length control field | 01504cam a2200277 a 4500 |
| 001 - CONTROL NUMBER | |
| control field | 12899011 |
| 003 - CONTROL NUMBER IDENTIFIER | |
| control field | NUST |
| 005 - DATE AND TIME OF LATEST TRANSACTION | |
| control field | 20170518121311.0 |
| 008 - FIXED-LENGTH DATA ELEMENTS--GENERAL INFORMATION | |
| fixed length control field | 020817s2003 nyu 001 0 eng |
| 010 ## - LIBRARY OF CONGRESS CONTROL NUMBER | |
| LC control number | 2002033998 |
| 020 ## - INTERNATIONAL STANDARD BOOK NUMBER | |
| International Standard Book Number | 0375415173 (alk. paper) |
| 040 ## - CATALOGING SOURCE | |
| Original cataloging agency | DLC |
| Transcribing agency | DLC |
| Modifying agency | DLC |
| 050 00 - LIBRARY OF CONGRESS CALL NUMBER | |
| Classification number | PR9272.9.N32 |
| Item number | L5 2003 |
| 082 00 - DEWEY DECIMAL CLASSIFICATION NUMBER | |
| Classification number | 809 NAI |
| Edition number | 21 |
| 100 1# - MAIN ENTRY--PERSONAL NAME | |
| Personal name | Naipaul, V. S. |
| Fuller form of name | (Vidiadhar Surajprasad), |
| Dates associated with a name | 1932- |
| 9 (RLIN) | 1056 |
| 245 10 - TITLE STATEMENT | |
| Title | Literary occasions : |
| Remainder of title | essays / |
| Statement of responsibility, etc. | V.S. Naipaul ; introduced and edited by Pankaj Mishra. |
| 250 ## - EDITION STATEMENT | |
| Edition statement | 1st ed. |
| 260 ## - PUBLICATION, DISTRIBUTION, ETC. | |
| Place of publication, distribution, etc. | New York : |
| Name of publisher, distributor, etc. | Alfred A. Knopf, |
| Date of publication, distribution, etc. | 2003. |
| 300 ## - PHYSICAL DESCRIPTION | |
| Extent | xvi, 202 p. ; |
| Dimensions | 25 cm. |
| 500 ## - GENERAL NOTE | |
| General note | Includes index. |
| 505 0# - FORMATTED CONTENTS NOTE | |
| Formatted contents note | Reading and writing, a personal account -- East Indian -- Jasmine -- Prologue to an autobiography -- Foreword to The adventures of Gurudeva -- Forword to A house for Mr. Biswas -- Indian autobiographies -- The last of the Aryans -- Theatrical natives -- Conrad's darkness and mine -- Two worlds. |
| 700 1# - ADDED ENTRY--PERSONAL NAME | |
| Personal name | Mishra, Pankaj. |
| 9 (RLIN) | 1075 |
| 856 42 - ELECTRONIC LOCATION AND ACCESS | |
| Materials specified | Contributor biographical information |
| Uniform Resource Identifier | <a href="http://www.loc.gov/catdir/bios/random054/2002033998.html">http://www.loc.gov/catdir/bios/random054/2002033998.html</a> |
| 856 42 - ELECTRONIC LOCATION AND ACCESS | |
| Materials specified | Publisher description |
| Uniform Resource Identifier | <a href="http://www.loc.gov/catdir/description/random0413/2002033998.html">http://www.loc.gov/catdir/description/random0413/2002033998.html</a> |
| 906 ## - LOCAL DATA ELEMENT F, LDF (RLIN) | |
| a | 7 |
| b | cbc |
| c | orignew |
| d | 1 |
| e | ocip |
| f | 20 |
| g | y-gencatlg |
| 942 ## - ADDED ENTRY ELEMENTS (KOHA) | |
| Source of classification or shelving scheme | |
| Koha item type | Book |
| Withdrawn status | Lost status | Source of classification or shelving scheme | Damaged status | Not for loan | Permanent Location | Current Location | Date acquired | Total Checkouts | Full call number | Barcode | Date last seen | Price effective from | Koha item type |
|---|---|---|---|---|---|---|---|---|---|---|---|---|---|
| School of Civil and Environmental Engineering (SCEE) | School of Civil and Environmental Engineering (SCEE) | 05/18/2017 | 809 NAI | NIT-8600 | 05/18/2017 | 05/18/2017 | Book |
